Zombie 100 (Titelsatznr. 1230)

[ MARC ]
MARC-Details
000 -LEADER
fixed length control field 03072pam a2200769 cc4500
001 - CONTROL NUMBER
control field 1221972952
003 - CONTROL NUMBER IDENTIFIER
control field DE-101
005 - DATE AND TIME OF LATEST TRANSACTION
control field 20250426083149.0
007 - PHYSICAL DESCRIPTION FIXED FIELD--GENERAL INFORMATION
fixed length control field tu
008 - FIXED-LENGTH DATA ELEMENTS--GENERAL INFORMATION
fixed length control field 201123s2021 gw ||||| |||| 00||||ger
015 ## - NATIONAL BIBLIOGRAPHY NUMBER
National bibliography number 21,A36
Canceled/invalid national bibliography number 20,N49
Source dnb
016 7# - NATIONAL BIBLIOGRAPHIC AGENCY CONTROL NUMBER
Source DE-101
Record control number 1221972952
020 ## - INTERNATIONAL STANDARD BOOK NUMBER
International Standard Book Number 9783551798572
Terms of availability Broschur : EUR 7.00 (DE), EUR 7.20 (AT), CHF 10.50 (freier Preis)
020 ## - INTERNATIONAL STANDARD BOOK NUMBER
International Standard Book Number 3551798575
024 3# - OTHER STANDARD IDENTIFIER
Standard number or code 9783551798572
035 ## - SYSTEM CONTROL NUMBER
System control number (DE-599)DNB1221972952
035 ## - SYSTEM CONTROL NUMBER
System control number (OCoLC)1267474088
035 ## - SYSTEM CONTROL NUMBER
System control number (OCoLC)1225085226
040 ## - CATALOGING SOURCE
Original cataloging agency 1245
Language of cataloging ger
Transcribing agency DE-101
Modifying agency 1247
Description conventions rda
041 ## - LANGUAGE CODE
Language code of text/sound track or separate title ger
Language code of original jpn
044 ## - COUNTRY OF PUBLISHING/PRODUCING ENTITY CODE
ISO country code XA-DE-HH
082 74 - DEWEY DECIMAL CLASSIFICATION NUMBER
Classification number 741.5
Assigning agency DE-101
Edition number 23sdnb
100 1# - MAIN ENTRY--PERSONAL NAME
Authority record control number or standard number (DE-588)1236442571
-- https://d-nb.info/gnd/1236442571
-- (DE-101)1236442571
Personal name Asō, Haro
Dates associated with a name 1980-
Relator term Verfasser
Relationship aut
Source of heading or term gnd
245 10 - TITLE STATEMENT
Title Zombie 100
Number of part/section of a work Volume 1
Statement of responsibility, etc. Story: Haro Aso ; Art: Kotaro Takata ; aus dem Japanischen von Katrin Stamm
250 ## - EDITION STATEMENT
Edition statement 1. Aufl.
264 31 - PRODUCTION, PUBLICATION, DISTRIBUTION, MANUFACTURE, AND COPYRIGHT NOTICE
Place of production, publication, distribution, manufacture Hamburg
Name of producer, publisher, distributor, manufacturer Carlsen Manga
Date of production, publication, distribution, manufacture, or copyright notice 21
300 ## - PHYSICAL DESCRIPTION
Extent 152 Seiten
Dimensions 140 g
336 ## - CONTENT TYPE
Content type term Text
Content type code txt
Source rdacontent
336 ## - CONTENT TYPE
Content type term unbewegtes Bild
Content type code sti
Source rdacontent
337 ## - MEDIA TYPE
Media type term ohne Hilfsmittel zu benutzen
Media type code n
Source rdamedia
338 ## - CARRIER TYPE
Carrier type term Band
Carrier type code nc
Source rdacarrier
653 ## - INDEX TERM--UNCONTROLLED
Uncontrolled term (Produktform)Paperback / softback
653 ## - INDEX TERM--UNCONTROLLED
Uncontrolled term (Zielgruppe)ab 16 Jahre
653 ## - INDEX TERM--UNCONTROLLED
Uncontrolled term (Zielgruppe)bis 99 Jahre
653 ## - INDEX TERM--UNCONTROLLED
Uncontrolled term (BISAC Subject Heading)CGN004050
653 ## - INDEX TERM--UNCONTROLLED
Uncontrolled term (Produktform (spezifisch))Unflipped manga format
653 ## - INDEX TERM--UNCONTROLLED
Uncontrolled term (BISAC Subject Heading)CGN004040: COMICS & GRAPHIC NOVELS / Horror
653 ## - INDEX TERM--UNCONTROLLED
Uncontrolled term (BISAC Subject Heading)CGN000000: COMICS & GRAPHIC NOVELS / General
653 ## - INDEX TERM--UNCONTROLLED
Uncontrolled term (BISAC Subject Heading)CGN000000: COMICS & GRAPHIC NOVELS / General
653 ## - INDEX TERM--UNCONTROLLED
Uncontrolled term Dawn of the Dead
653 ## - INDEX TERM--UNCONTROLLED
Uncontrolled term Shaun of the Dead
653 ## - INDEX TERM--UNCONTROLLED
Uncontrolled term Netflix
653 ## - INDEX TERM--UNCONTROLLED
Uncontrolled term Wunschliste
653 ## - INDEX TERM--UNCONTROLLED
Uncontrolled term Anime
653 ## - INDEX TERM--UNCONTROLLED
Uncontrolled term Crunchyroll
653 ## - INDEX TERM--UNCONTROLLED
Uncontrolled term Spannung
653 ## - INDEX TERM--UNCONTROLLED
Uncontrolled term Horror
653 ## - INDEX TERM--UNCONTROLLED
Uncontrolled term Motorrad
653 ## - INDEX TERM--UNCONTROLLED
Uncontrolled term Comedy
653 ## - INDEX TERM--UNCONTROLLED
Uncontrolled term Spaß
653 ## - INDEX TERM--UNCONTROLLED
Uncontrolled term lustig
653 ## - INDEX TERM--UNCONTROLLED
Uncontrolled term Blut
653 ## - INDEX TERM--UNCONTROLLED
Uncontrolled term Ecchi
653 ## - INDEX TERM--UNCONTROLLED
Uncontrolled term Supernatural
653 ## - INDEX TERM--UNCONTROLLED
Uncontrolled term (BISAC Subject Heading)CGN004050: COMICS & GRAPHIC NOVELS / Manga / General
653 ## - INDEX TERM--UNCONTROLLED
Uncontrolled term (VLB-WN)2182: Taschenbuch / Belletristik/Comic, Cartoon, Humor, Satire/Manga, Manhwa
655 #7 - INDEX TERM--GENRE/FORM
Authority record control number or standard number (DE-588)4010427-8
-- https://d-nb.info/gnd/4010427-8
-- (DE-101)040104273
Genre/form data or focus term Comic
Source of term gnd-content
773 08 - HOST ITEM ENTRY
Enumeration and first page 11
Record control number (DE-101)123644275X
776 08 - ADDITIONAL PHYSICAL FORM ENTRY
Relationship information Erscheint auch als
Note Online-Ausgabe
Title Zombie 100 – Bucket List of the Dead 1
Place, publisher, and date of publication Hamburg : Carlsen Manga, 2021
Physical description Online-Ressource, 160 Seiten, sw
Record control number (DE-101)1290718342
787 08 - OTHER RELATIONSHIP ENTRY
Relationship information In Beziehung stehende Ressource
International Standard Book Number 9783551710987
787 08 - OTHER RELATIONSHIP ENTRY
Relationship information In Beziehung stehende Ressource
International Standard Book Number 9783551742339
787 08 - OTHER RELATIONSHIP ENTRY
Relationship information In Beziehung stehende Ressource
International Standard Book Number 9783551758842
856 42 - ELECTRONIC LOCATION AND ACCESS
Contact for access assistance X:MVB
Electronic format type text/html
Uniform Resource Identifier <a href="http://deposit.dnb.de/cgi-bin/dokserv?id=1ab04ce4ff4449e19264e71ab675eb90&prov=M&dok_var=1&dok_ext=htm">http://deposit.dnb.de/cgi-bin/dokserv?id=1ab04ce4ff4449e19264e71ab675eb90&prov=M&dok_var=1&dok_ext=htm</a>
Materials specified Inhaltstext
856 42 - ELECTRONIC LOCATION AND ACCESS
Contact for access assistance B:DE-101
Electronic format type application/pdf
Uniform Resource Identifier <a href="https://d-nb.info/1221972952/04">https://d-nb.info/1221972952/04</a>
Materials specified Inhaltsverzeichnis
942 ## - ADDED ENTRY ELEMENTS (KOHA)
Source of classification or shelving scheme Dewey Decimal Classification
Koha item type Manga
Suppress in OPAC No
Exemplare
Withdrawn status Lost status Source of classification or shelving scheme Damaged status Not for loan Home library Current library Shelving location Date acquired Total checkouts Barcode Date last seen Price effective from Koha item type
    Dewey Decimal Classification     Bunte Manga Potsdam Bunte Manga Potsdam Action 04/26/2025   1218 04/26/2025 04/26/2025 Manga

Powered by Koha